000 01607nam a22003857a 4500
003 CHAP
005 20220329140457.0
008 971013s1979 r 00010 d
010 _a52534
011 _a53506
035 _a57656
040 _cCHAP
082 _a631.8
_bF32
110 _aFertilizantes Mexicanos, S. A.
_940594
245 _aApuntes sobre fertilizantes fluídos
_b: producción uso racional y comercialización
260 _a(s.l.) :
_b(s.e.),
_c(1979?)
300 _a167 p.
590 _aBATCH-UPD
_b10
_c20130110
_lUCH01
_h1212
590 _aBATCH-UPD
_b10
_c20130410
_lUCH01
_h0750
590 _aBATCH-UPD
_b10
_c20130914
_lUCH01
_h1405
590 _aCONVERSION
_b10
_c20130109
_lUCH01
_h1328
650 1 4 _aFertilizantes líquidos.
_940593
901 _aBK
942 _cLIBRO
949 _a631.8 F32
_bBC
_cLIBRO
_d33724000172193
_eLIBRO
_fc.10
_h80207
_i57656
_si
949 _a631.8 F32
_bBC
_cLIBRO
_d33724000172219
_eLIBRO
_fc.8
_h80205
_i57656
_si
949 _a631.8 F32
_bBC
_cLIBRO
_d33724000172227
_eLIBRO
_fc.6
_h80203
_i57656
_si
949 _a631.8 F32
_bBC
_cLIBRO
_d33724000172235
_eLIBRO
_fc.7
_h80204
_i57656
_si
949 _a631.8 F32
_bBC
_cLIBRO
_d33724000172243
_eLIBRO
_fc.9
_h80206
_i57656
_si
949 _a631.8 F32
_bBC
_cLIBRO
_d33724000172250
_eLIBRO
_fc.5
_h47292
_i57656
_si
949 _a631.8 F32
_bBC
_cLIBRO
_d33724000172268
_eLIBRO
_fc.4
_h47242
_i57656
_si
949 _a631.8 F32
_bBC
_cLIBRO
_d33724000172276
_eLIBRO
_fc.3
_h47241
_i57656
_si
949 _a631.8 F32
_bBC
_cLIBRO
_d33724000172284
_eLIBRO
_h47239
_i57656
_si
949 _a631.8 F32
_bBC
_cLIBRO
_d33724000172292
_eLIBRO
_fc.2
_h47240
_i57656
_si
999 _c52534
_d52534